भारतीय अर्थव्यवस्था / (Record no. 120853)

MARC details
000 -LEADER
fixed length control field 01292nam a22002777a 4500
005 - DATE AND TIME OF LATEST TRANSACTION
control field 20170124103204.0
010 ## - LIBRARY OF CONGRESS CONTROL NUMBER
LC control number A-523179
020 ## - INTERNATIONAL STANDARD BOOK NUMBER
Terms of availability 00.00
035 ## - SYSTEM CONTROL NUMBER
System control number A-523179
037 ## - SOURCE OF ACQUISITION
Source of stock number/acquisition Cen Lib/Ret
040 ## - CATALOGING SOURCE
Original cataloging agency DPL
Language of cataloging HN
082 ## - DEWEY DECIMAL CLASSIFICATION NUMBER
Classification number 330
Item number मिश्रए
100 ## - MAIN ENTRY--PERSONAL NAME
Personal name मिश्र, एस.के.
9 (RLIN) 92990
245 ## - TITLE STATEMENT
Title भारतीय अर्थव्यवस्था /
Statement of responsibility, etc एस.के.मिश्र [और] वी.के.पुरी
246 ## - VARYING FORM OF TITLE
Title proper/short title Bharteey arthvyavstha /
Remainder of title by S.K.Mishra [aur] V.K.Puri
250 ## - EDITION STATEMENT
Edition statement तीसरा संस्करण
260 ## - PUBLICATION, DISTRIBUTION, ETC. (IMPRINT)
Place of publication, distribution, etc बम्बई
Name of publisher, distributor, etc हिमालया पब्लिशिंग हाउस
Date of publication, distribution, etc 1991
270 ## - ADDRESS
Address "रामदूत" डॉ.भालेराव मार्ग, गिरगाँव(केलेवाडी)
City बम्बई
Postal code 400 004
300 ## - PHYSICAL DESCRIPTION
Extent xvi,980पृ.
Dimensions 20सेमी(सजिल्द)
650 ## - SUBJECT ADDED ENTRY--TOPICAL TERM
Topical term or geographic name as entry element आर्थिक विकास -- भारत
9 (RLIN) 92991
650 ## - SUBJECT ADDED ENTRY--TOPICAL TERM
Topical term or geographic name as entry element आर्थिक विकास -- जनसंख्या
9 (RLIN) 780
650 ## - SUBJECT ADDED ENTRY--TOPICAL TERM
Topical term or geographic name as entry element Economic development - India
9 (RLIN) 92992
650 ## - SUBJECT ADDED ENTRY--TOPICAL TERM
Topical term or geographic name as entry element Economic Development - Population
9 (RLIN) 92993
700 ## - ADDED ENTRY--PERSONAL NAME
Personal name पुरी, वी.के.
9 (RLIN) 73
942 ## - ADDED ENTRY ELEMENTS (KOHA)
Source of classification or shelving scheme Dewey Decimal Classification
Koha item type Hindi Books
Classification part 330
Call number suffix मिश्रए
Holdings
Withdrawn status Lost status Damaged status Not for loan Home library Current library Date acquired Source of acquisition Cost, normal purchase price Total Checkouts Full call number Barcode Date last seen Copy number Cost, replacement price Price effective from Koha item type
        Central Library Central Library 29/09/2015 Cen Lib/Ret 0.00   330 मिश्रए A-523179 29/09/2015 1 0.00 29/09/2015 Hindi Books

© Delhi Public Library
Hit Counter
free hit counter